000 00499cam a2200133 4500500
005 20250921012005.0
041 _afre
042 _adc
100 1 0 _aKacem Ben Adhoum, Abu
_eauthor
700 1 0 _a Mohamed Habib, Hila
_eauthor
245 0 0 _aكتاب الأجوبة الجزء الثاني
260 _bL'Académie tunisienne (Beït al-Hikma),
_c2005.
856 4 1 _uhttps://shs.cairn.info/كتاب-الأجوبة-الجزء-الثاني--9789973490134?lang=fr&redirect-ssocas=7080
999 _c1509754
_d1509754